logo

Engineering Design (Record no. 2034)

000 -LEADER
fixed length control field 00549nam a22002177a 4500
003 - CONTROL NUMBER IDENTIFIER
control field SLTCLib
008 - FIXED-LENGTH DATA ELEMENTS--GENERAL INFORMATION
fixed length control field 260612b ce ||||| |||| 00| 0 eng d
020 ## - INTERNATIONAL STANDARD BOOK NUMBER
International Standard Book Number 9781447160250
041 ## - LANGUAGE CODE
Language code of text/sound track or separate title English Language
080 ## - UNIVERSAL DECIMAL CLASSIFICATION NUMBER
Universal Decimal Classification number 62-1
Item number PAH
100 ## - MAIN ENTRY--PERSONAL NAME
Personal name Pahl, G.
9 (RLIN) 3597
245 ## - TITLE STATEMENT
Title Engineering Design
Remainder of title A systematic Approach
250 ## - EDITION STATEMENT
Edition statement 3rd ed.
260 ## - PUBLICATION, DISTRIBUTION, ETC. (IMPRINT)
Place of publication, distribution, etc London
Name of publisher, distributor, etc Springer
Date of publication, distribution, etc 2007
300 ## - PHYSICAL DESCRIPTION
Extent 617p.
650 #0 - SUBJECT ADDED ENTRY--TOPICAL TERM
9 (RLIN) 2000
Topical term or geographic name as entry element Engineering design
700 ## - ADDED ENTRY--PERSONAL NAME
9 (RLIN) 3594
Personal name Beitz, W
700 ## - ADDED ENTRY--PERSONAL NAME
9 (RLIN) 3595
Personal name Feldhusen, J.
700 ## - ADDED ENTRY--PERSONAL NAME
9 (RLIN) 3596
Personal name Grote, K.H.
942 ## - ADDED ENTRY ELEMENTS (KOHA)
Source of classification or shelving scheme
Koha item type Reference Materials
945 ## - LOCAL PROCESSING INFORMATION (OCLC)
a 3725
b Ishara wickramage
c 3725
d Ishara wickramage
Holdings
Withdrawn status Lost status Source of classification or shelving scheme Damaged status Not for loan Permanent Location Current Location Shelving location Date acquired Source of acquisition Cost, normal purchase price Full call number Barcode Date last seen Price effective from Koha item type
          Library of SLTC Library of SLTC Reference Section 2026-06-12 Purchased 26946.00 62-1 PAH 003429 2026-06-12 2026-06-12 Reference Materials
          Library of SLTC Library of SLTC Reference Section 2026-06-12 Purchased 26946.00 62-1 PAH 003430 2026-06-12 2026-06-12 Reference Materials
Ghostwriter

All Rights Reserved, Library of SLTC
Sri Lanka Technological Campus, Ingiriya Road, Padukka, Sri Lanka - Telephone: +, Fax: + -
Email:library@sltc.edu.lk
Designed & Maintained by Nimal Hettiarachchi
Last Updated: 15-April -2018